Central Library OPAC University of Rajshahi

The world of Willa Cather / (Record no. 17537)

MARC details
000 -LEADER
fixed length control field 00893cam a22002891 4500
001 - CONTROL NUMBER
control field 17537
003 - CONTROL NUMBER IDENTIFIER
rucl marc code BD-RjUL
005 - DATE AND TIME OF LATEST TRANSACTION
control field 20211209000145.0
008 - FIXED-LENGTH DATA ELEMENTS--GENERAL INFORMATION
fixed length control field 140217s1961 nbua 001 0beng
035 ## - SYSTEM CONTROL NUMBER
System control number (BD-RjUL)17595
040 ## - CATALOGING SOURCE
Original cataloging agency DLC
Transcribing agency DLC
Modifying agency DLC
-- BD-RjUL
Language of cataloging eng
041 ## - LANGUAGE CODE
Language code of text/sound track or separate title eng
082 00 - DEWEY DECIMAL CLASSIFICATION NUMBER
Classification number 928.1
Author mark and year BEW
100 1# - MAIN ENTRY--PERSONAL NAME
Personal name Bennett, Mildred R.
9 (RLIN) 54035
245 14 - TITLE STATEMENT
Title The world of Willa Cather /
Statement of responsibility, etc. Mildred R. Bennett
250 ## - EDITION STATEMENT
Edition statement New ed.
260 ## - PUBLICATION, DISTRIBUTION, ETC. (IMPRINT)
Place of publication, distribution, etc. Lincoln :
Name of publisher, distributor, etc. University of Nebraska Press,
Date of publication, distribution, etc. 1961.
300 ## - PHYSICAL DESCRIPTION
Pagination 285 p. :
Illustrations illus. ;
Size 21 cm.
490 0# - SERIES STATEMENT
Series statement A Bison book, BB112
504 ## - BIBLIOGRAPHY, ETC. NOTE
Bibliography, etc Includes index.
600 10 - SUBJECT ADDED ENTRY--PERSONAL NAME
Personal name Cather, Willa,
Dates associated with a name 1873-1947.
650 #0 - SUBJECT ADDED ENTRY--TOPICAL TERM
Topical term or geographic name as entry element Novelists, American
Chronological subdivision 20th century
General subdivision Biography.
9 (RLIN) 54036
Topical term or geographic name as entry element Women and literature
Geographic subdivision United States
General subdivision History
Chronological subdivision 20th century.
9 (RLIN) 54037
942 ## - ADDED ENTRY ELEMENTS (KOHA)
Source of classification or shelving scheme Dewey Decimal Classification
Koha item type Books
Holdings
Lost status Source of classification or shelving scheme Damaged status Not for loan Collection code Permanent Location Current Location Shelving location Date acquired Source of acquisition Cost, normal purchase price Total Checkouts Full call number Date last seen Copy number Koha item type
  Dewey Decimal Classification   Not For Loan Non-fiction Central Library, University of Rajshahi Central Library, University of Rajshahi Reading Room 28/04/1965 Zeitlinger 12.00   928.1 BEW 1961 17/02/2014 C-1 Books